00766cam a2200217 a 4500999001500000001000400015003000900019005001700028008004100045020001500086040003800101082002100139245004200160260005700202300004100259651003300300651003200333710005200365942001200417952011900429 c6642d6642484BD-DhUAP20210105101345.0200301s1993 enkabf b f000 0 eng  a0117017590 aBD-DhUAPcBD-DhUAPdBD-DhUAPbEng a941.0859 BRI223 aBritain 1994 :ban official handbook. aNorwich :bHer Majesty's Stationery Office, cc1993. a520 pages :billustrations ;c24 cm. aGreat BritainvDirectories.  aGreat BritainvPeriodicals. aGreat BritainbHer Majesty's Stationery Office. 2ddccBK 00102ddc4070aDBASLbDBASLcGeneral Stacksd2021-01-05o941.0859 BRIp3010000484r2021-01-05t1w2021-01-05yBK